00979cas a2200277 a 45000010009000000050017000090080041000260100017000670250029000840350024001130400018001370420007001550430012001620500022001742450023001962600064002193000017002833100014003003620045003145000076003596500045004356500045004806510034005257100062005592700080006211548752320090225050411.0081016c20089999ii qr p 0 0eng  a 2008325517 aI-D-E-2008-325517; 80-91 a(OCoLC)ocn262640994 aDLCcDLCdDLC alc aa-ii--- aHF1040.9.I4bC666 aCommodity vision : aMumbai :bTakshashila Academia of Economic Research,c2008- av. ;c29 cm. aQuarterly aBegan with vol. 1, issue 1, (Jan. 2008). aDescription based on: Vol. 1, issue 4 (Apr. 2008); title from masthead. aCommercial productszIndiavPeriodicals. aCommodity exchangeszIndiavPeriodicals. aIndiaxCommercevPeriodicals. aTakshashila Academia of Economic Research (Bombay, India) aLandmark-B, Ground Floor, Suren Road, Chakala, Andheri EastbMumbaie400093